000 00354nam a2200133Ia 4500
008 240624s9999 xx 000 0 und d
041 _aeng
082 _a823 PHI
100 _aPHILLIPS ADAM
245 _aMISSING OUT IN PRAISE OF THE UNLIVED LIF
260 _c2012
_aNew Delhi
_bHamish Hamilton
300 _axix, : 199 : p. : cm. ; 22
365 _cRS
_b25
999 _c19955
_d19955